|
|
|
|
| LEADER |
03002nam a2200673 i 4500 |
| 001 |
nkc20253671607 |
| 003 |
CZ PrNK |
| 005 |
20250306153335.0 |
| 007 |
ta |
| 008 |
250205s2024 xr ab e 000 0dcze |
| 015 |
|
|
|a cnb003671607
|
| 020 |
|
|
|a 978-80-87496-35-0
|q (brožováno)
|
| 035 |
|
|
|a (OCoLC)1514346820
|
| 040 |
|
|
|a BOA001
|b cze
|d OLA001
|e rda
|
| 041 |
1 |
|
|a cze
|a ger
|h cze
|
| 043 |
|
|
|a e-xr---
|b e-xr-sl
|2 czenas
|
| 045 |
|
|
|a w-x-
|
| 072 |
|
7 |
|a 908(437)
|x Vlastivěda Česka a Slovenska
|2 Konspekt
|9 8
|
| 080 |
|
|
|a 778.4
|2 MRF
|
| 080 |
|
|
|a 77.039
|2 MRF
|
| 080 |
|
|
|a 913:94
|2 MRF
|
| 080 |
|
|
|a 908(437.33)
|2 MRF
|
| 080 |
|
|
|a (437.33)
|2 MRF
|
| 080 |
|
|
|a (084.12)
|2 MRF
|
| 100 |
1 |
|
|a Petrásek, Jan,
|d 1986-
|7 xx0341243
|4 aut
|
| 245 |
1 |
0 |
|a Údolí Bělé ve třech rozměrech :
|b stereosnímky Rudolfa J. Kleina z okolí Jeseníku na přelomu 19. a 20. století = Bielathal in drei Dimensionen : Stereoaufnahmen aus der Umgebung von Jeseník von Rudolf J. Klein an der wende vom 19. zum 20. Jahrhundert /
|c Jan Petrásek & Miroslav Tomka ; překlad do německého jazyka Birgit Michaela Kluka, Pavel Rušar
|
| 246 |
3 |
1 |
|a Bielathal in drei Dimensionen
|
| 250 |
|
|
|a 1. vydání
|
| 264 |
|
1 |
|a Jeseník :
|b Vlastivědné muzeum Jesenicka, příspěvková organizace Olomouckého kraje,
|c 2024
|
| 300 |
|
|
|a 129 stran :
|b ilustrace (převážně barevné), mapy ;
|c 20 x 22 cm +
|e 3D brýle
|
| 336 |
|
|
|a text
|b txt
|2 rdacontent
|
| 336 |
|
|
|a statický obraz
|b sti
|2 rdacontent
|
| 337 |
|
|
|a bez média
|b n
|2 rdamedia
|
| 338 |
|
|
|a svazek
|b nc
|2 rdacarrier
|
| 490 |
1 |
|
|a Z historických sbírek Jesenicka ;
|v 2. svazek
|
| 500 |
|
|
|a 500 výtisků
|
| 504 |
|
|
|a Obsahuje bibliografii
|
| 546 |
|
|
|a Souběžný německý text
|
| 600 |
1 |
7 |
|a Klein, Rudolf Julius,
|d 1866-asi 1932
|7 ola20251253738
|2 czenas
|
| 648 |
|
7 |
|a 19.-20. století
|7 ch757015
|2 czenas
|
| 650 |
0 |
7 |
|a stereofotografie
|7 ph482801
|z Česko
|y 19.-20. století
|2 czenas
|
| 650 |
0 |
7 |
|a historické fotografie
|7 ph135159
|z Česko
|y 19.-20. století
|2 czenas
|
| 650 |
0 |
7 |
|a historický místopis
|7 ph137052
|z Česko
|2 czenas
|
| 650 |
0 |
9 |
|a stereophotography
|z Czechia
|y 19th-20th centuries
|2 eczenas
|
| 650 |
0 |
9 |
|a historical photographs
|z Czechia
|y 19th-20th centuries
|2 eczenas
|
| 650 |
0 |
9 |
|a historical topography
|z Czechia
|2 eczenas
|
| 651 |
|
7 |
|a Bělá (Česko a Polsko : řeka : oblast)
|7 ge409928
|x vlastivěda a dějiny
|2 czenas
|
| 651 |
|
9 |
|a Bělá River Valley (Czechia and Poland)
|x local history and geography
|2 eczenas
|
| 655 |
|
7 |
|a fotografické publikace
|7 fd132276
|2 czenas
|
| 655 |
|
9 |
|a photographical works
|2 eczenas
|
| 700 |
1 |
|
|a Tomka, Miroslav
|7 mzk20251252668
|4 aut
|
| 700 |
1 |
|
|a Kluka, Birgit
|7 xx0278666
|4 trl
|
| 700 |
1 |
|
|a Rušar, Pavel,
|d 1988-
|7 jo20221157247
|4 trl
|
| 830 |
|
0 |
|a Z historických sbírek Jesenicka
|0 s
|
| 910 |
2 |
|
|a BOA001
|b 2-1486.359
|
| 990 |
|
|
|a BK
|
| 995 |
|
|
|a 01
|
| 991 |
|
|
|b 202502
|c NOV
|
| 996 |
6 |
|
|b 2610994497
|c 2-1486.359
|l MZK
|r Sklad / do 1 hodiny
|n 0
|p p.v.
|w 001994468
|u 000010
|a 1
|e BOA001
|j MZK50
|s P
|